Soľ nad zlato

Podrobná bibliografia
Hlavný autor: Svoboda, Karel, 1938-2007 (Skladateľ)
Ďalší autori: Hollý, Martin, 1931-2004 (Režisér, Scenárista), Kováčik, Peter, 1936- (Scenárista), Šimončič, Dodo, 1943- (Video kameraman), Remeň, Maximilián, 1927-2008 (Strihač), Šafránková, Libuše, 1953-2021 (Herec), Nagy, Gábor, 1949- (Herec), Machata, Karol, 1928-2016 (Herec), Chudík, Ladislav, 1924-2015 (Herec), Paulovič, Ľubomír, 1952-2024 (Herec), Kocúriková, Zuzana, 1948- (Herec), Kroner, Jozef, 1924-1998 (Herec)
Médium: Video DVD
Jazyk:slovenčina
čeština
Fyzický popis:1 videodisk (DVD) (85 min.) fareb., zvuk.
Vydavateľské údaje: Bratislava Slovenský filmový ústav Petit Press 2010
Edícia:Zlatá kolekcia slovenských rozprávok
Predmet:

MARC

LEADER 00000ngm a2200000 a 4500
001 vtls010285027
003 SK-MaSNL
005 20260302045303.0
007 vd cvaizm
008 110610p2010 xo 085 g vlslo
015 |a SNBJ2014 
028 4 2 |a SFU 0050 9 831  |b Slovenský filmový ústav 
040 |a SNK  |b slo  |c SNK  |e AACR2 
041 0 |a slo  |a cze  |b eng 
044 |a xo  |c SK 
072 7 |a 791  |x Film. Cirkus. Ľudová zábava  |2 konspekt 
080 |a 791.225:82-34  |2 2001 
080 |a (0.034.44)  |2 2001 
245 0 0 |a Soľ nad zlato  |h videozáznam  |c [réžia: Martin Hollý] 
246 3 1 |a Salt more than Gold 
260 |a Bratislava  |b Slovenský filmový ústav  |b Petit Press  |c 2010 
300 |a 1 videodisk (DVD) (85 min.)  |b fareb., zvuk. 
490 1 |a Zlatá kolekcia slovenských rozprávok 
500 |a DVD obsahuje rozprávku z r. 1982, bonusy: profily tvorcov, fotogaléria 
500 |a DVD edícia Slovenského filmového ústavu a denníka SME 
508 |a Námet a scenár: Martin Hollý, Peter Kováčik (na motívy slovenskej rozprávky) ; kamera: Jozef Šimončič ; hudba: Karel Svoboda ; strih: Maximilián Remeň 
511 0 |a Hrajú: Libuše Šafránková (princezná Maruška), Gábor Nagy (Soľný princ), Karol Machata (kráľ Pravoslav), Ladislav Chudík (kráľ podzemia), Ľubomír Paulovič (princ Kazimír), Zuzana Kocúriková (princezná Vanda), Jozef Kroner (šašo) 
538 |a DVD video ; zvuk DD 2.0 mono ; obraz PAL 4:3 formát 1:1,33 
546 |a Aj český dabing. Titulky a menu v slov., angl. 
650 0 7 |a filmové rozprávky  |2 SNKPH  |9 73150 
650 0 7 |a Fairy tales (film adaptations)  |2 SNKPHeng  |9 413077 
655 7 |a slovenské rozprávky  |2 SNKPH  |9 70528 
655 7 |a DVD  |2 SNKPH  |9 70751 
655 7 |a Slovak fairy tales  |2 SNKPHeng  |9 292250 
700 1 |a Hollý, Martin,  |d 1931-2004  |4 drt  |4 sce  |9 98605 
700 1 |a Kováčik, Peter,  |d 1936-  |4 sce 
700 1 |a Šimončič, Dodo,  |d 1943-  |4 vdg  |9 25465 
700 1 |a Svoboda, Karel,  |d 1938-2007  |4 cmp  |9 256137 
700 1 |a Remeň, Maximilián,  |d 1927-2008  |4 flm  |9 325886 
700 1 |a Šafránková, Libuše,  |d 1953-2021  |4 act  |9 27371 
700 1 |a Nagy, Gábor,  |d 1949-  |4 act  |9 98965 
700 1 |a Machata, Karol,  |d 1928-2016  |4 act  |9 50535 
700 1 |a Chudík, Ladislav,  |d 1924-2015  |4 act  |9 101396 
700 1 |a Paulovič, Ľubomír,  |d 1952-2024  |4 act  |9 107043 
700 1 |a Kocúriková, Zuzana,  |d 1948-  |4 act  |9 113071 
700 1 |a Kroner, Jozef,  |d 1924-1998  |4 act  |9 101889 
830 0 |a Zlatá kolekcia slovenských rozprávok  |9 413084 
999 |c 1093040  |d 1094970 
952 |a SNK  |b SNK  |y PREZ  |7 0  |p 17A0704896  |o snkSDVD 1275  |i snk2011/13355  |8 0  |0 0  |1 0  |4 0  |d 2011-06-10  |l 0  |r 2026-02-24 17:03:42  |w 2026-02-24